<?xml version="1.0" encoding="UTF-8"?>
<collection xmlns="http://www.loc.gov/MARC21/slim">
 <record>
  <leader>01434nam a22002297a 4500</leader>
  <controlfield tag="001">NCT_85546</controlfield>
  <controlfield tag="008">201002b        xxu||||| |||| 00| 0 vie d</controlfield>
  <datafield tag="999" ind1=" " ind2=" ">
   <subfield code="c">4226</subfield>
   <subfield code="d">4226</subfield>
  </datafield>
  <datafield tag="020" ind1=" " ind2=" ">
   <subfield code="a">9786049467288</subfield>
   <subfield code="c">199000</subfield>
  </datafield>
  <datafield tag="082" ind1="0" ind2="4">
   <subfield code="2">23rd ed.</subfield>
   <subfield code="a">658.409</subfield>
   <subfield code="b">L107Đ</subfield>
  </datafield>
  <datafield tag="245" ind1="0" ind2="0">
   <subfield code="a">Lãnh đạo = </subfield>
   <subfield code="b">On leadership : Selected articles from HBR</subfield>
   <subfield code="c">Peter F. Drucker, Deborah Ancona,... [et.al] ; Đặng Thanh Tâm (dịch)</subfield>
  </datafield>
  <datafield tag="260" ind1=" " ind2=" ">
   <subfield code="a">H.</subfield>
   <subfield code="b">Đại học Kinh tế Quốc dân</subfield>
   <subfield code="c">2020</subfield>
  </datafield>
  <datafield tag="300" ind1=" " ind2=" ">
   <subfield code="a">180 tr.</subfield>
   <subfield code="b">Minh họa</subfield>
   <subfield code="c">27cm</subfield>
  </datafield>
  <datafield tag="490" ind1="0" ind2=" ">
   <subfield code="a">Harvard business review</subfield>
  </datafield>
  <datafield tag="520" ind1="3" ind2=" ">
   <subfield code="a">Tìm hiểu và giải quyết những khó khăn, vướng mắc trong quá trình điều phối và định hướng doanh nghiệp của nhà lãnh đạo. Trình bày những yếu tố tâm lý, kỹ năng kiểm soát bản thân làm nên tài lãnh đạo. Nhấn mạnh tầm quan trọng của việc bồi dưỡng một số kỹ năng đặc thù để làm chủ khả năng giao tiếp và lãnh đạo...</subfield>
  </datafield>
  <datafield tag="653" ind1=" " ind2=" ">
   <subfield code="a">Quản trị kinh doanh</subfield>
  </datafield>
  <datafield tag="700" ind1="1" ind2=" ">
   <subfield code="a">Peter F. Drucker</subfield>
  </datafield>
  <datafield tag="700" ind1="1" ind2=" ">
   <subfield code="a">Deborah Ancona</subfield>
  </datafield>
  <datafield tag="700" ind1="1" ind2=" ">
   <subfield code="a">Đặng Thanh Tâm</subfield>
   <subfield code="e">Dịch</subfield>
  </datafield>
  <datafield tag="942" ind1=" " ind2=" ">
   <subfield code="2">ddc</subfield>
   <subfield code="c">BK</subfield>
  </datafield>
  <datafield tag="952" ind1=" " ind2=" ">
   <subfield code="0">0</subfield>
   <subfield code="1">0</subfield>
   <subfield code="2">ddc</subfield>
   <subfield code="4">0</subfield>
   <subfield code="6">658_409000000000000_L107Đ</subfield>
   <subfield code="7">0</subfield>
   <subfield code="9">20352</subfield>
   <subfield code="a">000001</subfield>
   <subfield code="b">000001</subfield>
   <subfield code="d">2020-10-02</subfield>
   <subfield code="o">658.409 L107Đ</subfield>
   <subfield code="p">MD.17676</subfield>
   <subfield code="r">2020-10-02</subfield>
   <subfield code="v">199000.00</subfield>
   <subfield code="w">2020-10-02</subfield>
   <subfield code="y">BK</subfield>
  </datafield>
  <datafield tag="980" ind1=" " ind2=" ">
   <subfield code="a">Thư viện Trường Đại học Nam Cần Thơ</subfield>
  </datafield>
 </record>
</collection>
